Návrh systému pre monitorovanie parametrov včelích úľov

Na minha lista:
Detalhes bibliográficos
Autor principal: Bašovský, Marek (Author)
Outros Autores: Kováč, Szabolcs (Thesis advisor)
Formato: Manuscrito Livro
Idioma:eslovaco
Publicado em: 2025
Assuntos:
Acesso em linha:http://is.stuba.sk/zp/portal_zp.pl?podrobnosti=183903
Tags: Adicionar Tag
Sem tags, seja o primeiro a adicionar uma tag!

MARC

LEADER 00000ntm a22000003a 4500
001 stuzp103859
003 SK-STU
005 20250614212312.4
007 ta
008 150427s2015----xo-----f-mn---000-0-slo-d
040 |a STU  |b slo 
041 0 |a slo 
100 1 |a Bašovský, Marek  |u 066000  |4 aut  |U MTF Materiálovotechnologická fakulta  |T MTF Ústav aplikovanej informatiky, automatizácie a mechatroniky  |X 111574  |U M6000  |Y 86  |7 111574 
242 0 1 |a Design of a system for monitoring beehive parameters  |y eng 
245 1 0 |a Návrh systému pre monitorovanie parametrov včelích úľov 
260 |c 2025 
650 4 |a Node-RED  |2 eng 
650 4 |a SQLite  |2 eng 
650 4 |a LoRa  |2 eng 
650 4 |a senzors  |2 eng 
650 4 |a ESP32  |2 eng 
650 4 |a IoT  |2 eng 
650 4 |a beekeeping  |2 eng 
650 4 |a ESP32  |2 slo 
650 4 |a IoT  |2 slo 
650 4 |a včelárstvo  |2 slo 
650 4 |a Node-RED  |2 slo 
650 4 |a SQLite  |2 slo 
650 4 |a LoRa  |2 slo 
650 4 |a senzory  |2 slo 
700 1 |a Kováč, Szabolcs  |u 066000  |k Z1  |4 ths  |U MTF Materiálovotechnologická fakulta  |T MTF Ústav aplikovanej informatiky, automatizácie a mechatroniky  |X 73542  |U M6000  |Y 86  |7 73542 
856 4 |u http://is.stuba.sk/zp/portal_zp.pl?podrobnosti=183903 
996 |c M* DP-15484  |l MMSKP  |s P  |a 0  |w stuzp103859_0001